[Event "Festival de la Juventud U12 Girls"]
[Site "Hermosillo"]
[Date "2002.03.28"]
[Round "3"]
[White "Sianez Heras, Susana Priscilla"]
[Black "Pedraza Nunez, Mildred"]
[Result "1-0"]
[WhiteElo "1419"]
[BlackElo "1357"]
[PlyCount "103"]
[EventDate "2002.03.26"]
[EventType "swiss"]
[EventRounds "6"]
[EventCountry "MEX"]
[SourceTitle "EXT 2003"]
[Source "ChessBase"]
[SourceDate "2002.11.25"]
[SourceVersion "1"]
[SourceVersionDate "2002.11.25"]
[SourceQuality "1"]

1. e4 d6 2. d4 g6 3. Nf3 Bg4 4. Nbd2 Nc6 5. h3 Bxf3 6. Nxf3 Nf6 7. e5 dxe5 8. dxe5 Qxd1+ 9. Kxd1 Ne4 10. Be3 Bg7 11. Bd3 Rd8 12. Ke2 Nxf2 13. Kxf2 Nxe5 14. Nxe5 Bxe5 15. Rad1 0-0 16. b3 a6 17. Be4 Rb8 18. Rhe1 Bf6 19. Kg1 Bc3 20. Bd2 Bd4+ 21. Be3 Bf6 22. Rd3 Bh4 23. Red1 f5 24. Bd5+ Kg7 25. Bd4+ Kh6 26. Rf1 c6 27. Be5 Rbd8 28. Bf3 Rxd3 29. cxd3 Rd8 30. Rd1 Bg5 31. g3 Be3+ 32. Kg2 g5 33. g4 f4 34. d4 a5 35. d5 c5 36. d6 exd6 37. Rxd6+ Rxd6 38. Bxd6 Kg6 39. Bxb7 h5 40. Kf3 hxg4+ 41. hxg4 Kf6 42. Bc7 Ke7 43. Bxa5 Ke6 44. Bb6 Kd7 45. a4 Kd6 46. Bd8 Bc1 47. a5 Kd7 48. a6 Be3 49. a7 c4 50. a8Q cxb3 51. Bf6 Bc1 52. Qc8+ 1-0